000
00322nam a22001457a 4500
008
210609b ||||| |||| 00| 0 eng d
020
_a
0801604435
041
_a
eng
080
_2
2nd
_a
615.83
082
_a
615.83
100
_a
8
101
_a
EGZ
245
_a
Physical Examination
_c
Henry M. Seidel
942
_2
udc
_c
BK
999
_c
58115
_d
58115